000 00782nam a22002177a 4500
005 20240530110931.0
008 220214s2009 ua a g 000 0 ara d
017 _bمصر. دار الكتب
040 _aEG-CaGPL
_cEG-CaGPL
082 0 4 _221
_a909\
_bم إ
100 0 _aمحمد ابوسمرة
245 1 0 _aاسرائيل وحوار الحضارات والديانات فى عصر العولمة والارهاب /
_cمحمد ابوسمرة
250 _aط. 1
260 _aعمان :
_bدار الراية للنشر والتوزيع،
_c2007
300 _a376 ص. ؛
_c24 سم
650 0 7 _aالصهيونية
651 0 7 _aاسرائيل
_xتاريخ
651 0 7 _aفلسطين
_xتاريخ
942 _2ddc
_cBK
999 _c66657
_d66657